Statistics for Every University In Connecticut

Click here to take the quiz!

General Stats

  • This quiz has been taken 15 times
  • The average score is 11 of 36

Answer Stats

Answer% Correct
University of Connecticut
100%
Yale University
93%
University of Hartford
79%
University of New Haven
79%
Fairfield University
71%
Quinnipiac University
64%
Central Connecticut State University
57%
Sacred Heart University
57%
Southern Connecticut State University
57%
Trinity College
57%
Western Connecticut State University
57%
Eastern Connecticut State University
50%
University of Bridgeport
43%
Wesleyan University
43%
Post University
36%
Albertus Magnus College
29%
Tunxis Community College
21%
University of Saint Joseph
21%
Connecticut College
14%
Gateway Community College
14%
Manchester Community College
14%
Naugatuck Valley Community College
14%
Norwalk Community College
14%
Asnuntuck Community College
7%
Goodwin University
7%
Housatonic Community College
7%
Middlesex Community College
7%
Mitchell College
7%
Capital Community College
0%
Charter Oak State College
0%
Hartford International University for Religion and Peace
0%
Holy Apostles College and Seminary
0%
Northwestern Connecticut Community College
0%
Paier College of Art
0%
Quinebaug Valley Community College
0%
Three Rivers Community College
0%

Score Distribution

Percentile by Number Answered

Percent of People with Each Score

Your Score History

You have not taken this quiz